000 00284nam a22001337a 4500
008 170918b xxu||||| |||| 00| 0 eng d
020 _a0896594513
041 _aeng
080 _a7
100 _a44
101 _aART
245 _aAMERICAN IMPRESSIONIS
_cLOWELL,A
942 _2udc
_cBK
999 _c28064
_d28064